000
00277nam a2200109Ia 4500
005
20251222154307.0
008
251222s9999||||xx |||||||||||||| ||spa||
082
_a
868.9/M28
100
_a
"Matute Ausejo, Ana MarĂa"
245
0
_a
Algunos muchachos y otros cuentos
942
_c
LIB
999
_c
33252
_d
33252